00334cam a22000977a 4500008004000000082001900040245008300059260004400142300001000186700004000196180718b1961 xxu||||| |||| 00| 0 eng d aP528096x54 In2 aEvaluation in higher education: reportcby University Grants Commission, India aNew DelhibNew Age Printing Pressc1961 a272p. aIndia. University Grants Commission